Teorías filosóficas de la propiedad /

Guardado en:
Bibliografiske detaljer
Hovedforfatter: Costa, Margarita (comp.)
Andre forfattere: Mizrahi, Esteban (compilación) (compilación)
Format: Bog
Sprog:spansk
Udgivet: Buenos Aires, Argentina : EUDEBA, Oficina de Publicaciones del CBC, 1997, c1997
Fag:
Tags: Tilføj Tag
Ingen Tags, Vær først til at tagge denne postø!

MARC

LEADER 00000nam^a2200000^a^4500
001 000140293
005 20250521000000.0
009 20260526124105.789
020 |a 950-29-0431-1 
037 |a Acervo ITESO - Biblioteca 
041 |a ESP 
082 |a 346. 0432  |b COS 
100 |a Costa, Margarita  |e (comp.) 
245 1 0 |a Teorías filosóficas de la propiedad /  |c Comp. de M. Costa, E. Mizrahi. 
264 4 |a Buenos Aires, Argentina :  |b EUDEBA, Oficina de Publicaciones del CBC,  |c 1997, c1997 
300 |a 148 p. 
336 |a texto  |b txt  |2 rdacontenido 
337 |a sin mediación  |b n  |2 rdamedio 
338 |a volumen  |b nc  |2 rdasoporte 
649 |a XX 
650 |a Propiedad Privada -  |x Filosofía 
650 |a Justicia e Injusticia 
650 |a Empleo y Desempleo 
650 |a Igualdad y Desigualdad 
650 |a Dinero 
650 |a Impuestos 
650 |a Derecho de Propiedad 
650 |a Derecho Patrimonial 
650 |a Derecho Civil 
650 |a Derecho Privado 
650 |a Filosofía Clásica 
650 |a Derecho Medieval 
650 |a Derecho -  |x Filosofía 
650 |a Aristóteles 
650 |a Juan de París 
650 |a Aquino, Tomás de, Santo 
650 |a Hume, David 
650 |a Locke, John 
650 |a Nozick, Robert 
650 |a Rousseau, Jean-Jacques 
650 |a Marx, Karl 
600 |a Maquiavelo, Nicolás 
600 |a Hegel, Friedrich 
700 |a Mizrahi, Esteban  |e (compilación) 
910 |a Fondo General 
920 |a Impresos - Libros 
930 |a Colección General 
905 |a 101 
901 |a 0500068742  |b IT1  |c ACC  |u 20250521 
902 |a https://opac.biblio.iteso.mx/vufind/Record/000140293